00481nam a22001817a 4500003001000000005001700010008004100027040001400068041000700082100002200089245005900111250005500170260000900225300001400234500002300248650001500271654001300286IT-MiCISF20260424131605.0260424b |||||||| |||| 00| 0 eng d cIT-MiCISF ait aBalduzzi Emanuele aLa Character education alla prova del Service-Learning a"Consultori familiari oggi", n. 2, luglio-dicembre c2025 app. 75-85 aeducazione, teoria aEducazione aarticolo